Cases and materials on sexual orientation and the law / (Record no. 61832)

MARC details
000 -LEADER
campo de control de longitud fija 01320cam a2200373 a 4500
001 - NÚMERO DE CONTROL
campo de control 126968
005 - FECHA Y HORA DE LA ÚLTIMA TRANSACCIÓN
campo de control 20230410123445.0
008 - DATOS DE LONGITUD FIJA--INFORMACIÓN GENERAL
campo de control de longitud fija 960924s1997 mnu 001 0 eng
010 ## - NÚMERO DE CONTROL DE LA BIBLIOTECA DEL CONGRESO
Número de control de LC 96046482
020 ## - NÚMERO INTERNACIONAL ESTÁNDAR DEL LIBRO
Número Internacional Estándar del Libro 0314203834 (hard cover)
040 ## - FUENTE DE CATALOGACIÓN
Centro catalogador/agencia de origen DLC
Centro/agencia transcriptor DLC
Centro/agencia modificador DLC
043 ## - CÓDIGO DE ÁREA GEOGRÁFICA
Código de área geográfica n-us---
050 14 - SIGNATURA TOPOGRÁFICA DE LA BIBLIOTECA DEL CONGRESO
Número de clasificación KF 4754.5
Número de ítem R895c 1997
082 00 - NÚMERO DE LA CLASIFICACIÓN DECIMAL DEWEY
Número de clasificación 346.7301
100 1# - ENTRADA PRINCIPAL--NOMBRE DE PERSONA
Nombre de persona Rubenstein, William B.
245 10 - MENCIÓN DEL TÍTULO
Título Cases and materials on sexual orientation and the law /
Mención de responsabilidad, etc. by William B. Rubenstein.
246 18 - FORMA VARIANTE DEL TITULO
Título propio/Titulo breve Sexual orientation and the law
250 ## - MENCION DE EDICION
Mención de edición 2nd ed.
260 ## - PUBLICACIÓN, DISTRIBUCIÓN, ETC.
Lugar de publicación, distribución, etc. St. Paul, Minn. :
Nombre del editor, distribuidor, etc. West Pub. Co.,
Fecha de publicación, distribución, etc. 1997.
300 ## - DESCRIPCIÓN FÍSICA
Extensión xlv, 922 p. ;
Dimensiones 26 cm.
440 #0 - MENCIÓN DE SERIE/PUNTO DE ACCESO ADICIONAL--TÍTULO
Título American casebook series
500 ## - NOTA GENERAL
Nota general Rev. ed. of: Lesbians, gay men, and the law. c1993.
500 ## - NOTA GENERAL
Nota general Accompanied by: Teacher's manual (167 p.).
500 ## - NOTA GENERAL
Nota general Teacher's manual published: West Group (1998).
500 ## - NOTA GENERAL
Nota general Includes index.
650 #0 - PUNTO DE ACCESO ADICIONAL DE MATERIA--TÉRMINO DE MATERIA
Término de materia o nombre geográfico como elemento de entrada Homosexuality
Subdivisión general Law and legislation
Subdivisión geográfica United States
Subdivisión general Cases.
650 #0 - PUNTO DE ACCESO ADICIONAL DE MATERIA--TÉRMINO DE MATERIA
Término de materia o nombre geográfico como elemento de entrada Gay rights
Subdivisión geográfica United States
Subdivisión general Cases.
650 #4 - PUNTO DE ACCESO ADICIONAL DE MATERIA--TÉRMINO DE MATERIA
Término de materia o nombre geográfico como elemento de entrada Homosexualidad
Subdivisión general Ley y legislación
Subdivisión geográfica Estados Unidos
Subdivisión general Casos.
650 #4 - PUNTO DE ACCESO ADICIONAL DE MATERIA--TÉRMINO DE MATERIA
Término de materia o nombre geográfico como elemento de entrada Derechos de los homosexuales
Subdivisión geográfica Estados Unidos
Subdivisión general Casos.
730 0# - ASIENTO SECUNDARIO--TITULO UNIFORME
Título uniforme Lesbians, gay men, and the law.
920 ## -
-- **LC HAS REQ'D # OF SHELF COPIES**
942 ## - ELEMENTOS DE ENTRADA SECUNDARIOS (KOHA)
Fuente del sistema de clasificación o colocación Clasificación de Library of Congress
Tipo de ítem Koha
985 ## -
-- GAP
Holdings
Estatus retirado Estado de pérdida Fuente del sistema de clasificación o colocación Estado de daño No para préstamo Colección Biblioteca de origen Biblioteca actual Ubicación en estantería Fecha de adquisición Serial enumeration / chronology Signatura topográfica completa Código de barras Visto por última vez Copia número Tipo de ítem Koha
    Clasificación de Library of Congress     Ciencias Sociales Biblioteca Juan Bosch Biblioteca Juan Bosch Ciencias Sociales (3er. Piso) 10/04/2023 1 KF 4754.5 R895c 1997 00000113594 24/10/2018 1